A-Z BattleBots - Statistics

General Stats
  • This quiz has been taken 48 times
  • The average score is 16 of 26
Answer Stats
# Hint Answer % Correct
B Most commonly known for winning three Giant Nuts Bite Force
94%
E Won the Giant Nut in 2020 and is a spinner from New Zealand End Game
86%
T Regarded as the most destructive bot ever made. Won the Giant Nut in 2016 Tombstone
83%
C Has an AI implemented for assistance and is the only robot to defeat the above Chomp
78%
D A fast lifter which makes quacking noises due to a built-in speaker DUCK!
78%
L A Canadian flipper which was the 2018 Desperado runner-up LUCKY!
78%
Y The Alaskan Assassin!!! Features a great big drum spinner and only 5 lbs of armour! Yeti
78%
H Has the largest wheels in the show's history. It was the 2023 season runner-up HUGE
75%
F Has one of the best drivers in the show. Has a lifter and the biggest flamethrower yet Free Shipping
72%
I The only robot to use an internal combustion engine to power its weapon IceWave
72%
J Hails from Las Vegas, NV and is casino-themed JackPot
72%
M The largest bot in the competition. It has a giant rotary lifting trunk Mammoth
72%
S Has a hammer saw as its primary weapon; won the Giant Nut in 2023 SawBlaze
72%
K A pneumatic crusher which has a narwhal minibot Kraken
69%
W The shaman spinner which came runner-up in both the 2019 and 2021 seasons Witch Doctor
67%
O An anime-themed grabber/lifter built by engineer Charles Guan Overhaul
64%
Q A British crusher that is known for its destructiveness and brutaliy in battle Quantum
64%
A All the electronics are stored in the full-body drum spinner of this bot Axe Backwards
61%
U A boxing-themed bot with an asymmetrical spinning bar shaped to look like a fist Uppercut
61%
V A powerful undercutter which won the Most Destructive Award in 2020 Valkyrie
61%
N The robot's primary weapon was a 4ft diameter vertical spinner. It's just a bad dream... Nightmare
58%
Z A full-body spinner with a long self-righting pole. Named after the creator's cat, Ziggy Ziggo
33%
G A unique vertical spinner which can change its angle of spin Ghost Raptor
31%
X A horizontal spinner which competed in BattleBots IQ 2003. Built by Team Excessive Force X
28%
R A gold-and-black-coloued bot which originally featured two spinning discs ROTATOЯ
11%
P A grey wedge that won the Best Driver Award which competed in the Comedy Central seasons. Punjar
8%
No matching quizzes found
Score Distribution
Percent of People with Each Score
Percentile by Number Answered
Your Score History
You have not taken this quiz